| 000 | 00601nam a2200145Ia 4500 | ||
|---|---|---|---|
| 008 | 260210s9999 xx 000 0 und d | ||
| 024 | _a08B-012-CE, 08B-025-CE, 08B-008-CE & 08B-024-CE | ||
| 082 | _a006.3072 USM | ||
| 100 | _aMuhammad Umer Usmani, Yasir Zahid, Muhammad Arif Khan & Muhammad Umair Anis | ||
| 245 | 0 | _aSwarm Intelligence and Technology | |
| 260 |
_aKarachi: _bUITU, _c2008 |
||
| 600 | _aComputer System Engineering | ||
| 650 | _aBachelor of Engineering (BE) | ||
| 856 |
_uhttps://drive.google.com/file/d/1thMcr3yFvaPZSRjvMbmfVltIkVXkLEAS/view?usp=sharing _yClick here for PDF |
||
| 999 |
_c32744 _d32744 |
||